000 00592nam a2200217Ia 4500
003 OSt
005 20220926035907.0
006 a|||||r|||| 00| 0
007 ta
008 220923b |||||||| |||| 00| 0 eng d
037 _cGeneral Book
040 _aRTL
_cRTL
_beng
041 _2eng
_aeng
082 _aX:75.8.N3, G7
100 _aMaclaurin William Rupert
_9342930
245 0 _aEconomic planning in Australia, 1929-1936.
260 _c1937
650 _aExonomics
_9231771
942 _hX:75.8.N3, G7
_cGB
_2CC
999 _c663383
_d663383